| 000 | 00598nam a2200169 a 4500 | ||
|---|---|---|---|
| 005 | 20221118063935.0 | ||
| 008 | 991125s1978 mx 000 0 spa u | ||
| 035 | _aUPN01000002381 | ||
| 049 | _aSEP | ||
| 050 | 4 |
_aLB1578 A3.51 _bI5.2 |
|
| 110 | 2 | _aInstituto Nacional Indigenista (México) | |
| 245 | 1 | 0 |
_aAmatl kani tlakuiloski konemej ika nauatl tlatole ipan achtopa xiuitl = cuaderno de trabajo nahua de primer grado de educación indígena / _cInstituto Nacional Indigenista. |
| 260 |
_aMéxico : _bINI, _c1978. |
||
| 300 |
_a195 p. : _bil. |
||
| 650 | 4 |
_aCartilla náhuatl _98118 |
|
| 905 | _aLibro | ||
| 999 |
_c2381 _d2381 |
||